MARC details
| 000 -LEADER |
| campo de control de longitud fija |
02867cgm a2200661Ma 4500 |
| 001 - NÚMERO DE CONTROL |
| campo de control |
83274 |
| 005 - FECHA Y HORA DE LA ÚLTIMA TRANSACCIÓN |
| campo de control |
20230410123857.0 |
| 007 - CAMPO FIJO DE DESCRIPCIÓN FÍSICA--INFORMACIÓN GENERAL |
| campo de control de longitud fija |
vd bvaizm |
| 008 - DATOS DE LONGITUD FIJA--INFORMACIÓN GENERAL |
| campo de control de longitud fija |
030522s2001 cau139 g vljpn d |
| 035 ## - NÚMERO DE CONTROL DEL SISTEMA |
| Número de control de sistema |
(OCoLC)ocm61569413 |
| 040 ## - FUENTE DE CATALOGACIÓN |
| Centro catalogador/agencia de origen |
LGG |
| Centro/agencia transcriptor |
LGG |
| Centro/agencia modificador |
OCLCQ |
| -- |
OCLCG |
| 020 ## - NÚMERO INTERNACIONAL ESTÁNDAR DEL LIBRO |
| Número Internacional Estándar del Libro |
0780021959 |
| 020 ## - NÚMERO INTERNACIONAL ESTÁNDAR DEL LIBRO |
| Número Internacional Estándar del Libro |
9780780021952 |
| 028 40 - NÚMERO DE EDITOR O DISTRIBUIDOR |
| Número de editor o de distribuidor |
HID040 |
| Fuente |
Criterion Collection |
| 029 1# - OTRO NÚMERO DE CONTROL DE SISTEMA (OCLC) |
| Identificador de la biblioteca OCLC |
AU@ |
| Número de control de sistema |
000043853291 |
| 035 ## - NÚMERO DE CONTROL DEL SISTEMA |
| Número de control de sistema |
(OCoLC)61569413 |
| 041 0# - CÓDIGO DE IDIOMA |
| Código de lengua del texto/banda sonora o título independiente |
jpn |
| Código de lengua del sumario o resumen |
eng |
| 043 ## - CÓDIGO DE ÁREA GEOGRÁFICA |
| Código de área geográfica |
a-ja--- |
| 050 14 - SIGNATURA TOPOGRÁFICA DE LA BIBLIOTECA DEL CONGRESO |
| Número de clasificación |
CM DVD 01209 |
| 049 ## - FONDOS LOCALES (OCLC) |
| Biblioteca depositaria |
GRAL |
| 130 0# - ENTRADA PRINCIPAL--TÍTULO UNIFORME |
| Enlace |
880-01 |
| Título uniforme |
Kakushi toride no san akunin. |
| 245 10 - MENCIÓN DEL TÍTULO |
| Título |
Akira Kurosawa's The hidden fortress |
| Medio |
[videorecording]. |
| 246 3# - FORMA VARIANTE DEL TITULO |
| Título propio/Titulo breve |
Hidden fortress |
| 246 1# - FORMA VARIANTE DEL TITULO |
| Texto de visualización |
Also known as: |
| Título propio/Titulo breve |
Three Bad Men in a Hidden Fortress |
| 246 1# - FORMA VARIANTE DEL TITULO |
| Texto de visualización |
Also known as: |
| Título propio/Titulo breve |
Three Rascals in the Hidden Fortress |
| 246 1# - FORMA VARIANTE DEL TITULO |
| Texto de visualización |
Also known as: |
| Título propio/Titulo breve |
Three Villains of the Hidden Fortress |
| 260 ## - PUBLICACIÓN, DISTRIBUCIÓN, ETC. |
| Lugar de publicación, distribución, etc. |
[California] : |
| Nombre del editor, distribuidor, etc. |
Criterion Collection, |
| Fecha de publicación, distribución, etc. |
2001. |
| 300 ## - DESCRIPCIÓN FÍSICA |
| Extensión |
1 videodisc (139 min.) : |
| Otras características físicas |
sd., b&w ; |
| Dimensiones |
4 3/4 in. |
| 490 1# - MENCIÓN DE SERIE |
| Mención de serie |
Criterion collection ; |
| Designación de volumen o secuencia |
116 |
| 490 1# - MENCIÓN DE SERIE |
| Mención de serie |
Classic collection |
| 538 ## - NOTA DE DETALLES DEL SISTEMA |
| Nota de detalles del sistema |
DVD; mono; optional Dolby digital 3.0 soundtrack preserving the original perspect-a-sound simulated-stereo effects. |
| 546 ## - NOTA DE IDIOMA |
| Nota de lengua/lenguaje |
In Japanese with optional English subtitles. |
| 500 ## - NOTA GENERAL |
| Nota general |
Videodisc release of a 1958 motion picture. |
| 508 ## - NOTA DE CRÉDITOS DE CREACIÓN O PRODUCCIÓN |
| Nota de créditos de creación o producción |
Director, Akira Kurosawa, producers, Masumi Fujimoto, Akira Kurosawa; screenplay, Ryuzo Kikushima, Hideo Oguni, Shinobu Hashimoto, Akira Kurosawa; cinematography, Kazuo Yamasaki; music, Masaru Sato. |
| 511 1# - NOTA DE PARTICIPANTES O INTÉRPRETES |
| Nota de participantes o intérpretes |
Toshiro Mifune, Misa Uehara, Minoru Chiaki. |
| 500 ## - NOTA GENERAL |
| Nota general |
Cataloging from container. |
| 500 ## - NOTA GENERAL |
| Nota general |
Widescreen, enhanced for 16:9 TVs (2.35:1 aspect ratio). |
| 500 ## - NOTA GENERAL |
| Nota general |
Special features include: video interview with George Lucas about Kurosawa, original theatrical trailer. |
| 500 ## - NOTA GENERAL |
| Nota general |
RSDL dual layer format. |
| 520 ## - RESUMEN, ETC. |
| Sumario, etc. |
Princess Yuki escapes the clutches of an enemy clan. She hides in a secret mountain fortress with her loyal retainers, her faithful military commandant, and her clan's precious gold. They try to escape but on their way it's one chase, swordfight, and hair's breadth escape after another. |
| 650 #0 - PUNTO DE ACCESO ADICIONAL DE MATERIA--TÉRMINO DE MATERIA |
| Término de materia o nombre geográfico como elemento de entrada |
Feature films |
| Subdivisión geográfica |
Japan. |
| 650 #0 - PUNTO DE ACCESO ADICIONAL DE MATERIA--TÉRMINO DE MATERIA |
| Término de materia o nombre geográfico como elemento de entrada |
Foreign films |
| Subdivisión geográfica |
Japan. |
| 650 #0 - PUNTO DE ACCESO ADICIONAL DE MATERIA--TÉRMINO DE MATERIA |
| Término de materia o nombre geográfico como elemento de entrada |
Motion pictures, Japanese. |
| 650 #0 - PUNTO DE ACCESO ADICIONAL DE MATERIA--TÉRMINO DE MATERIA |
| Término de materia o nombre geográfico como elemento de entrada |
Princesses |
| Subdivisión geográfica |
Japan |
| Subdivisión de forma |
Drama |
| 650 #0 - PUNTO DE ACCESO ADICIONAL DE MATERIA--TÉRMINO DE MATERIA |
| Término de materia o nombre geográfico como elemento de entrada |
Feudalism |
| Subdivisión geográfica |
Japan |
| Subdivisión de forma |
Drama |
| 650 #0 - PUNTO DE ACCESO ADICIONAL DE MATERIA--TÉRMINO DE MATERIA |
| Término de materia o nombre geográfico como elemento de entrada |
Escapes |
| Subdivisión geográfica |
Japan |
| Subdivisión de forma |
Drama |
| 650 #4 - PUNTO DE ACCESO ADICIONAL DE MATERIA--TÉRMINO DE MATERIA |
| Término de materia o nombre geográfico como elemento de entrada |
Cine Japonés (inglés) |
| 700 1# - ENTRADA AGREGADA--NOMBRE PERSONAL |
| Nombre de persona |
Kurosawa, Akira, |
| Fechas asociadas al nombre |
1910-1998. |
| 700 1# - ENTRADA AGREGADA--NOMBRE PERSONAL |
| Nombre de persona |
Mifune, Toshiråo, |
| Fechas asociadas al nombre |
1920-1997. |
| 700 1# - ENTRADA AGREGADA--NOMBRE PERSONAL |
| Nombre de persona |
Uehara, Misa. |
| 710 2# - ENTRADA AGREGADA--NOMBRE DE ENTIDAD CORPORATIVA |
| Nombre de entidad corporativa o nombre de jurisdicción como elemento de entrada |
Criterion Collection (Firm) |
| 710 2# - ENTRADA AGREGADA--NOMBRE DE ENTIDAD CORPORATIVA |
| Nombre de entidad corporativa o nombre de jurisdicción como elemento de entrada |
Home Vision (Firm) |
| 710 2# - ENTRADA AGREGADA--NOMBRE DE ENTIDAD CORPORATIVA |
| Nombre de entidad corporativa o nombre de jurisdicción como elemento de entrada |
Janus Films. |
| 830 #0 - PUNTO DE ACCESO ADICIONAL DE SERIE-TÍTULO UNIFORME |
| Título uniforme |
Criterion collection (DVD videodiscs) ; |
| Designación de volumen o secuencia |
116. |
| 830 #0 - PUNTO DE ACCESO ADICIONAL DE SERIE-TÍTULO UNIFORME |
| Título uniforme |
Classic collection (Chicago, Ill.) |
| 942 ## - ELEMENTOS DE ENTRADA SECUNDARIOS (KOHA) |
| Fuente del sistema de clasificación o colocación |
Clasificación de Library of Congress |
| Tipo de ítem Koha |
|
| 994 ## - |
| -- |
C0 |
| -- |
DRFGD |